000 00656nam a2200193 a 4500
001 000035932
005 20200930074730.0
008 111117s19uu dr ac r 000 0 spa d
040 _aDO-SdBNP
_bspa
_cBNPHU
082 _a362.29
_bP438d
100 1 _aPérez, Casimiro,
_d1935-
_961956
245 1 0 _aDrogas! :
_bconocerlas y prevenirlas.
260 _aSanto Domingo :
_bFEDELUCD,
_c[19--?].
300 _a196 p. :
_bil., retrs. ;
_c21 cm.
590 _aInventariado, 2018/BT
650 4 _aAbuso de sustancias
_xPrevención
_913908
710 2 _aFederación Dominicana de Lucha contra las Drogas (FEDELUCD)
_961957
910 _aValidado. Control de calidad EMS.
999 _c35423
_d35423